[Event "Bouches du Rhone op 0607"]
[Site "Bouches du Rhone"]
[Date "2006.10.21"]
[Round "1"]
[White "Robe, Pierre"]
[Black "Sintes, Marc"]
[Result "1/2-1/2"]
[WhiteElo "1830"]
[BlackElo "2096"]
[PlyCount "63"]
[EventDate "2006.10.21"]
[EventType "swiss"]
[EventRounds "9"]
[EventCountry "FRA"]
[SourceTitle "EXT 2008"]
[Source "ChessBase"]
[SourceDate "2007.11.25"]
[SourceVersion "1"]
[SourceVersionDate "2007.11.25"]
[SourceQuality "1"]

1. b3 d5 2. Bb2 Bg4 3. h3 Bh5 4. Nf3 e6 5. e3 Nf6 6. Be2 Nbd7 7. 0-0 Bd6 8. d3 Qe7 9. a3 0-0-0 10. Nbd2 e5 11. c4 e4 12. Ne1 Bxe2 13. Qxe2 exd3 14. Nxd3 c6 15. b4 dxc4 16. Nxc4 Bc7 17. Rac1 Nb6 18. Nc5 Nxc4 19. Qxc4 Rd2 20. Bd4 Qd6 21. g3 Qd5 22. Qc3 Re2 23. b5 Bxg3 24. e4 Nxe4 25. Nxe4 Rxe4 26. fxg3 Rxd4 27. bxc6 bxc6 28. Rxf7 Rd1+ 29. Rxd1 Qxd1+ 30. Rf1 Qd5 31. Qxg7 Rg8 32. Rf8+ 1/2-1/2

[Event "FRA-chT2 South 0607"]
[Site "France"]
[Date "2006.10.15"]
[Round "1.7"]
[White "Bes, Stephane"]
[Black "Sintes, Marc"]
[Result "1-0"]
[WhiteElo "2143"]
[BlackElo "2096"]
[PlyCount "60"]
[EventDate "2006.10.15"]
[EventType "team"]
[EventRounds "11"]
[EventCountry "FRA"]
[SourceTitle "EXT 2008"]
[Source "ChessBase"]
[SourceDate "2007.11.25"]
[SourceVersion "1"]
[SourceVersionDate "2007.11.25"]
[SourceQuality "1"]
[WhiteTeam "Nice"]
[BlackTeam "Vitrolles"]
[WhiteTeamCountry "FRA"]
[BlackTeamCountry "FRA"]

1. e4 c5 2. Nf3 d6 3. d4 cxd4 4. Nxd4 Nf6 5. Nc3 g6 6. Be3 Bg7 7. f3 0-0 8. Bc4 Nc6 9. Qd2 Bd7 10. 0-0-0 Rc8 11. Bb3 Ne5 12. h4 h5 13. Bh6 Bxh6 14. Qxh6 Rxc3 15. bxc3 Qc7 16. g4 Qxc3 17. Kb1 Rc8 18. gxh5 Nxh5 19. Rhg1 Nc4 20. Bxc4 Rxc4 21. Qxh5 Rxd4 22. Rxg6+ fxg6 23. Qxg6+ Kf8 24. Qh6+ Kf7 25. Qh7+ Kf8 26. Qh8+ Kf7 27. Qxd4 Qxf3 28. e5 Be6 29. exd6 Qa3 30. Rf1+ Ke8 1-0

[Event "FRA-chT2 0405"]
[Site "France"]
[Date "2004.12.05"]
[Round "4.3"]
[White "Linnemer, Laurent"]
[Black "Sintes, Marc"]
[Result "0-1"]
[WhiteElo "2140"]
[BlackElo "2112"]
[PlyCount "154"]
[EventDate "2004.10.10"]
[EventType "team"]
[EventRounds "11"]
[EventCountry "FRA"]
[SourceTitle "EXT 2006"]
[Source "ChessBase"]
[SourceDate "2005.11.24"]
[SourceVersion "1"]
[SourceVersionDate "2005.11.24"]
[SourceQuality "1"]

1. e4 c5 2. d4 cxd4 3. c3 Nc6 4. Nf3 d5 5. exd5 Qxd5 6. Be2 Nf6 7. cxd4 e6 8. 0-0 Be7 9. Nc3 Qa5 10. Qb3 0-0 11. Be3 Nb4 12. Ne5 Nbd5 13. Bf3 Nxc3 14. bxc3 Nd5 15. c4 Nxe3 16. fxe3 Bd6 17. Nd3 Qg5 18. Nf2 f5 19. c5 Bc7 20. Rae1 Qh6 21. g3 Rb8 22. e4 b6 23. exf5 bxc5 24. Qc4 Rxf5 25. Bg4 Rb4 26. Qe2 Rf8 27. dxc5 Qf6 28. Bxe6+ Bxe6 29. Qxe6+ Qxe6 30. Rxe6 Rc4 31. Ne4 Rxf1+ 32. Kxf1 h6 33. Re7 Ba5 34. a3 Bc3 35. Ke2 Bb2 36. Kd3 Rd4+ 37. Ke3 Ra4 38. c6 Bxa3 39. Rd7 Rc4 40. Nf6+ gxf6 41. c7 Bf8 42. Kd3 Rc5 43. c8Q Rxc8 44. Rxa7 Re8 45. Rd7 Re7 46. Rd5 Kf7 47. g4 Re1 48. Rh5 Kg6 49. Kd4 Rg1 50. h3 Bd6 51. Kd5 Bf4 52. Rf5 Bg5 53. Rf3 Re1 54. Kd4 h5 55. Rg3 h4 56. Rf3 Rg1 57. Kd3 Rg3 58. Ke4 Rxf3 59. Kxf3 Kf7 60. Ke4 Ke6 61. Kd4 Kd6 62. Ke4 Kc5 63. Kd3 Kd5 64. Ke2 Ke4 65. Kf2 Be3+ 66. Kg2 Kf4 67. Kh1 Kg3 68. g5 Bxg5 69. Kg1 Kxh3 70. Kh1 Kg3 71. Kg1 f5 72. Kh1 f4 73. Kg1 f3 74. Kh1 Kf2 75. Kh2 Ke2 76. Kh1 f2 77. Kh2 Bf4+ 0-1

[Event "Bouches du Rhone-ch 0203"]
[Site "Provence"]
[Date "2003.03.01"]
[Round "7"]
[White "Habib, George"]
[Black "Sintes, Marc"]
[Result "0-1"]
[WhiteElo "1780"]
[BlackElo "2058"]
[PlyCount "58"]
[EventDate "2002.10.??"]
[EventType "swiss"]
[EventRounds "9"]
[EventCountry "FRA"]
[SourceTitle "EXT 2005"]
[Source "ChessBase"]
[SourceDate "2004.11.15"]
[SourceVersion "1"]
[SourceVersionDate "2004.11.15"]
[SourceQuality "1"]

1. e4 c5 2. Nf3 Nc6 3. d4 cxd4 4. Nxd4 g6 5. Be2 Bg7 6. Nb3 Nf6 7. Nc3 0-0 8. 0-0 d6 9. Rb1 Bd7 10. f4 Rc8 11. Be3 Na5 12. Nxa5 Qxa5 13. Bf3 Bc6 14. a3 Rfd8 15. Qe1 Qc7 16. Nd5 Bxd5 17. exd5 b6 18. c3 Qb7 19. Rd1 Nd7 20. h4 Nc5 21. h5 Qd7 22. hxg6 hxg6 23. Qg3 Rc7 24. Bg4 Ne4 25. Qh3 f5 26. Bf3 Nf6 27. Bd4 Kf7 28. Bxf6 Bxf6 29. Rfe1 Rh8 0-1

[Event "FRA-chT2S"]
[Site "France"]
[Date "2002.11.16"]
[Round "2"]
[White "Perez, Flavio"]
[Black "Sintes, Marc"]
[Result "0-1"]
[WhiteElo "2144"]
[BlackElo "2058"]
[PlyCount "70"]
[EventDate "2002.10.??"]
[EventType "team"]
[EventRounds "11"]
[EventCountry "FRA"]
[SourceTitle "EXT 2004"]
[Source "ChessBase"]
[SourceDate "2003.11.25"]
[SourceVersion "1"]
[SourceVersionDate "2003.11.25"]
[SourceQuality "1"]

1. e4 c5 2. Nc3 Nc6 3. g3 g6 4. d3 Bg7 5. Be3 d6 6. Bg2 e6 7. Qd2 Rb8 8. Nge2 Nd4 9. 0-0 b5 10. Nc1 h5 11. h3 Ne7 12. Nd1 e5 13. c3 Bxh3 14. cxd4 Bxg2 15. Kxg2 cxd4 16. Bg5 f6 17. Bh4 g5 18. Bxg5 fxg5 19. Qxg5 Bh6 20. Qxh5+ Kd7 21. Ne2 Qg8 22. Rh1 Rf8 23. f4 exf4 24. Qxb5+ Kd8 25. Qa5+ Ke8 26. Qh5+ Kd8 27. Qa5+ Ke8 28. Qb5+ Kd8 29. Rf1 Qg4 30. Rf3 fxg3 31. Nxd4 Rxf3 32. Nxf3 Bf4 33. Ng1 Rh2+ 34. Kf1 Bd2 35. Qb8+ Nc8 0-1

[Event "FRA-chT2S"]
[Site "France"]
[Date "2002.10.13"]
[Round "1"]
[White "Salus, Stephane"]
[Black "Sintes, Marc"]
[Result "1/2-1/2"]
[WhiteElo "2218"]
[BlackElo "2058"]
[PlyCount "60"]
[EventDate "2002.10.??"]
[EventType "team"]
[EventRounds "11"]
[EventCountry "FRA"]
[SourceTitle "EXT 2004"]
[Source "ChessBase"]
[SourceDate "2003.11.25"]
[SourceVersion "1"]
[SourceVersionDate "2003.11.25"]
[SourceQuality "1"]

1. d4 Nf6 2. c4 g6 3. Nc3 Bg7 4. e4 d6 5. f3 0-0 6. Be3 e5 7. d5 Nh5 8. Qd2 Qh4+ 9. Bf2 Qf4 10. Qxf4 exf4 11. g4 fxg3 12. hxg3 Na6 13. Nge2 f5 14. exf5 Rxf5 15. f4 Rf7 16. 0-0-0 Bg4 17. Bh3 Nf6 18. Bd4 Bxh3 19. Rxh3 Ng4 20. Rh4 Bxd4 21. Nxd4 Ne3 22. Rdh1 Nc5 23. Ne6 Nf5 24. R4h3 Nd3+ 25. Kd2 Nf2 26. Ng5 Nxh3 27. Nxf7 Nf2 28. Nh6+ Nxh6 29. Rxh6 Re8 30. Rh2 Ne4+ 1/2-1/2

[Event "Bouches du Rhone-ch 0203"]
[Site "Provence"]
[Date "2002.10.05"]
[Round "1"]
[White "Alard, Francis"]
[Black "Sintes, Marc"]
[Result "1/2-1/2"]
[WhiteElo "1710"]
[BlackElo "2058"]
[PlyCount "59"]
[EventDate "2002.10.??"]
[EventType "swiss"]
[EventRounds "9"]
[EventCountry "FRA"]
[SourceTitle "EXT 2005"]
[Source "ChessBase"]
[SourceDate "2004.11.15"]
[SourceVersion "1"]
[SourceVersionDate "2004.11.15"]
[SourceQuality "1"]

1. e4 c5 2. Nf3 d6 3. d4 cxd4 4. Nxd4 Nf6 5. Nc3 g6 6. Be3 Bg7 7. f3 Nc6 8. Bc4 Bd7 9. Qd2 Rc8 10. Bb3 0-0 11. 0-0-0 Ne5 12. Nde2 a5 13. Bh6 a4 14. Bxf7+ Rxf7 15. Bxg7 Rxg7 16. Qd4 Qa5 17. a3 Qc5 18. Qxc5 Rxc5 19. Rd4 Rc4 20. Rhd1 b5 21. Nd5 Rxd4 22. Nxf6+ exf6 23. Rxd4 Bc6 24. Rxd6 Rd7 25. Rxf6 Bb7 26. Rb6 Nc4 27. Rxb5 Ne3 28. Nc3 Nxg2 29. Nxa4 Nf4 30. Nc3 1/2-1/2

[Event "Majeur-chT 0001"]
[Site "France"]
[Date "2001.??.??"]
[Round "5"]
[White "Crapon, Laurent"]
[Black "Sintes, Marc"]
[Result "1/2-1/2"]
[WhiteElo "1710"]
[BlackElo "2056"]
[PlyCount "132"]
[EventDate "2000.??.??"]
[EventType "team"]
[EventRounds "9"]
[EventCountry "FRA"]
[SourceTitle "EXT 2005"]
[Source "ChessBase"]
[SourceDate "2004.11.15"]
[SourceVersion "1"]
[SourceVersionDate "2004.11.15"]
[SourceQuality "1"]

1. d4 Nf6 2. Nf3 g6 3. c4 Bg7 4. Nc3 0-0 5. Bf4 d6 6. e3 Nbd7 7. Qc2 c6 8. Be2 a6 9. a4 Re8 10. h3 e5 11. dxe5 dxe5 12. Bh2 e4 13. Nd2 Nc5 14. 0-0 a5 15. Rfd1 Qe7 16. Nb3 Nxb3 17. Qxb3 Nd7 18. Qc2 f5 19. Rd2 Ne5 20. Rad1 Be6 21. b3 Rad8 22. Nb1 g5 23. Rxd8 Rxd8 24. Rxd8+ Qxd8 25. Qd1 Nd3 26. Na3 Bf8 27. Nc2 Bc5 28. Ne1 f4 29. Nxd3 exd3 30. Qxd3 Qxd3 31. Bxd3 fxe3 32. fxe3 Bxe3+ 33. Kf1 h5 34. Ke2 Bc5 35. Bc7 Bb4 36. Ke3 Kf7 37. Bd8 g4 38. hxg4 Bxg4 39. Bc2 Ke6 40. Bc7 Bc5+ 41. Kd2 b6 42. Be4 Kd7 43. Bf4 Bd6 44. Be3 Kc7 45. Bg5 Be5 46. Be3 Bg3 47. Bc2 h4 48. Bd3 c5 49. Bg5 Kd7 50. Be2 Bf5 51. Bd1 Be4 52. Bg4+ Kd6 53. Bh3 Ke5 54. Bd8 Kd4 55. Bxb6 Bf4+ 56. Ke2 Bc2 57. Bxa5 Bxb3 58. Bd8 Bg3 59. a5 Bxc4+ 60. Kd2 Bd5 61. a6 c4 62. Bb6+ Ke5 63. Bc8 Bxg2 64. Bb7 Bxb7 65. axb7 Kd5 66. Ba7 h3 1/2-1/2

[Event "Majeur-chT 0001"]
[Site "France"]
[Date "2001.??.??"]
[Round "7"]
[White "Sintes, Marc"]
[Black "Ripert, Gregory"]
[Result "1-0"]
[WhiteElo "2056"]
[BlackElo "1970"]
[PlyCount "95"]
[EventDate "2000.??.??"]
[EventType "team"]
[EventRounds "9"]
[EventCountry "FRA"]
[SourceTitle "EXT 2005"]
[Source "ChessBase"]
[SourceDate "2004.11.15"]
[SourceVersion "1"]
[SourceVersionDate "2004.11.15"]
[SourceQuality "1"]

1. e4 c5 2. Nf3 d6 3. d4 cxd4 4. Nxd4 Nf6 5. Nc3 g6 6. Be3 Bg7 7. f3 0-0 8. Qd2 Nc6 9. 0-0-0 Bd7 10. h4 h5 11. g4 Bxg4 12. Qg2 Bd7 13. Nf5 Bxf5 14. exf5 Ne5 15. fxg6 fxg6 16. Bd3 Qe8 17. Rhg1 Kh7 18. f4 Nxd3+ 19. Rxd3 Ng4 20. Bd2 Qc6 21. Qe2 Qb6 22. Rxg4 hxg4 23. Qxg4 Rf5 24. Nd1 Raf8 25. Rb3 Qc6 26. Rg3 d5 27. Nf2 e5 28. Nh3 Qa6 29. Rg1 R8f6 30. Ng5+ Kg8 31. h5 Qxa2 32. Kd1 Qb1+ 33. Ke2 Qxc2 34. Rc1 Qa4 35. Rc8+ Bf8 36. hxg6 Qd7 37. Qh3 exf4 38. Qh7+ Qxh7 39. gxh7+ Kg7 40. Bc3 f3+ 41. Kf1 Rxg5 42. Bxf6+ Kxh7 43. Bxg5 Bg7 44. Rc7 Kg6 45. Rxb7 Bd4 46. Bc1 Bb6 47. Rd7 d4 48. Kf2 1-0

[Event "Provence-ch Principal 9900"]
[Site "France"]
[Date "2000.??.??"]
[Round "9"]
[White "Gravagna, Pierre"]
[Black "Sintes, Marc"]
[Result "0-1"]
[WhiteElo "2065"]
[BlackElo "2061"]
[PlyCount "96"]
[EventDate "1999.??.??"]
[EventType "tourn"]
[EventRounds "9"]
[EventCountry "FRA"]
[SourceTitle "EXT 2005"]
[Source "ChessBase"]
[SourceDate "2004.11.15"]
[SourceVersion "1"]
[SourceVersionDate "2004.11.15"]
[SourceQuality "1"]

1. d4 Nf6 2. Nf3 g6 3. c4 Bg7 4. Nc3 0-0 5. Bg5 c6 6. e3 d6 7. Be2 Nbd7 8. 0-0 a6 9. a4 Qc7 10. Qc2 Rb8 11. b4 a5 12. b5 c5 13. Rad1 Nb6 14. h3 cxd4 15. exd4 Bf5 16. Qb3 Rbc8 17. Nd2 Nfd7 18. g4 Be6 19. Nd5 Bxd5 20. cxd5 Bxd4 21. Ne4 Nc5 22. Qf3 Bg7 23. Nxc5 dxc5 24. Qe4 Rfe8 25. Bf4 Qd7 26. Bf3 c4 27. d6 exd6 28. Qxb7 Qxb7 29. Bxb7 Rb8 30. Bc6 Be5 31. Bd2 c3 32. Bxe8 cxd2 33. Bc6 Bc3 34. f4 Nxa4 35. Kf2 Nb2 36. Rb1 a4 37. Ke2 a3 38. Bd5 Re8+ 39. Kf2 Nd3+ 40. Kf3 Ne1+ 41. Kf2 Nd3+ 42. Kf3 Nb4 43. Bc4 d5 44. Be2 a2 45. Rxb4 Bxb4 46. Ra1 Bc5 47. Bd1 Ra8 48. Bb3 Bd4 0-1

[Event "Majeur-chT 0001"]
[Site "France"]
[Date "2000.??.??"]
[Round "4"]
[White "Sintes, Marc"]
[Black "Stambul, Adam"]
[Result "0-1"]
[WhiteElo "2053"]
[BlackElo "2080"]
[PlyCount "100"]
[EventDate "2000.??.??"]
[EventType "team"]
[EventRounds "9"]
[EventCountry "FRA"]
[SourceTitle "EXT 2005"]
[Source "ChessBase"]
[SourceDate "2004.11.15"]
[SourceVersion "1"]
[SourceVersionDate "2004.11.15"]
[SourceQuality "1"]

1. d4 Nf6 2. Nf3 g6 3. c4 Bg7 4. Nc3 d5 5. cxd5 Nxd5 6. e4 Nxc3 7. bxc3 c5 8. Bb5+ Bd7 9. Bxd7+ Qxd7 10. 0-0 0-0 11. Rb1 Rd8 12. Be3 cxd4 13. cxd4 Nc6 14. d5 Ne5 15. Nxe5 Bxe5 16. Bh6 b6 17. f4 Bg7 18. Bxg7 Kxg7 19. f5 Qd6 20. Rb3 Qe5 21. Qg4 Qd4+ 22. Kh1 Rxd5 23. fxg6 fxg6 24. Qf4 Rdd8 25. Rh3 Kh8 26. Qg4 Rf8 27. Rhf3 Qg7 28. h4 Rxf3 29. Qxf3 Re8 30. g4 e6 31. g5 Kg8 32. Qg4 Qe7 33. h5 gxh5 34. Qxh5 Rf8 35. Rxf8+ Qxf8 36. g6 Qg7 37. Qg5 hxg6 38. Qd8+ Kh7 39. Kg2 g5 40. Qe8 Qg6 41. Qe7+ Kh6 42. Qf8+ Qg7 43. Qe8 Qf6 44. a4 g4 45. e5 Qxe5 46. Qf8+ Kg6 47. Qg8+ Kf5 48. a5 Qe2+ 49. Kg1 Kf4 50. a6 Kg3 0-1

[Event "Provence-ch Principal 9900"]
[Site "France"]
[Date "1999.??.??"]
[Round "3"]
[White "Pieri, Thierry"]
[Black "Sintes, Marc"]
[Result "0-1"]
[WhiteElo "1920"]
[BlackElo "2061"]
[PlyCount "152"]
[EventDate "1999.??.??"]
[EventType "tourn"]
[EventRounds "9"]
[EventCountry "FRA"]
[SourceTitle "EXT 2005"]
[Source "ChessBase"]
[SourceDate "2004.11.15"]
[SourceVersion "1"]
[SourceVersionDate "2004.11.15"]
[SourceQuality "1"]

1. e4 c5 2. Nf3 g6 3. d4 Bg7 4. Nc3 cxd4 5. Nxd4 Nc6 6. Be3 d6 7. Qd2 Nf6 8. f3 0-0 9. Bc4 Nd7 10. 0-0-0 Nb6 11. Bb3 Na5 12. Qe2 Nxb3+ 13. axb3 a5 14. Ndb5 Bd7 15. Qf2 Ra6 16. g4 Bxb5 17. Nxb5 a4 18. Bxb6 Rxb6 19. bxa4 Rxb5 20. axb5 Qa5 21. Qe3 Ra8 22. h4 Qb4 23. c3 Qb3 24. Qd3 Ra1+ 25. Kd2 Qxb2+ 26. Ke3 Rxd1 27. Rxd1 Qh2 28. Ra1 Be5 29. Ra8+ Kg7 30. Qe2 Qxh4 31. Kd2 Qf6 32. Qd3 Qf4+ 33. Kc2 Qh2+ 34. Kb3 Qf2 35. Rb8 Qa7 36. Rc8 b6 37. Rc4 Qd7 38. Rc6 Qa7 39. Rc4 Qd7 40. Qd5 e6 41. Qc6 Qd8 42. Ra4 Qf6 43. Qxb6 Qxf3 44. Qc6 Qd1+ 45. Kb4 Qb1+ 46. Ka5 Qb3 47. Rc4 Qa2+ 48. Kb6 Bf4 49. Kb7 h5 50. gxh5 gxh5 51. b6 h4 52. Ra4 Qb1 53. Ra8 h3 54. e5 Bxe5 55. Qf3 Qg6 56. Ra1 h2 57. Rh1 Qg5 58. Ka7 d5 59. b7 Qd8 60. Qg4+ Kf8 61. Qb4+ Kg7 62. b8Q Bxb8+ 63. Qxb8 Qa5+ 64. Kb7 Qb5+ 65. Kc8 Qa6+ 66. Kd8 Qa5+ 67. Qc7 Qa8+ 68. Kd7 Qa4+ 69. Qc6 Qa7+ 70. Kd6 Qg1 71. Rxg1+ hxg1Q 72. Ke7 Qg5+ 73. Ke8 Qf4 74. Ke7 Qc4 75. Qd6 Qh4+ 76. Kd7 Qa4+ 0-1

[Event "Toulouse op"]
[Site "Toulouse "]
[Date "1997.??.??"]
[Round "1"]
[White "Tyomkin, Dimitri"]
[Black "Sintes, Marc"]
[Result "1-0"]
[WhiteElo "2450"]
[BlackElo "2065"]
[PlyCount "51"]
[EventDate "1997.??.??"]
[EventType "swiss"]
[EventRounds "7"]
[EventCountry "FRA"]
[SourceTitle "EXT 2004"]
[Source "ChessBase"]
[SourceDate "2003.11.25"]
[SourceVersion "1"]
[SourceVersionDate "2003.11.25"]
[SourceQuality "1"]

1. d4 Nf6 2. c4 g6 3. Nc3 Bg7 4. e4 d6 5. h3 Nbd7 6. Bd3 0-0 7. Bg5 c5 8. d5 a6 9. a4 Rb8 10. Nf3 Ne8 11. 0-0 Ne5 12. Nxe5 Bxe5 13. Kh1 f5 14. f4 Bg7 15. Qe2 fxe4 16. Nxe4 Nf6 17. Ng3 Qe8 18. f5 b5 19. axb5 axb5 20. cxb5 Bd7 21. Ra7 gxf5 22. Nxf5 Bxf5 23. Rxf5 Nh5 24. Rxf8+ Bxf8 25. Qe6+ Qf7 26. Bxh7+ 1-0

[Event "Provence-ch Principal 9596"]
[Site "France"]
[Date "1995.??.??"]
[Round "5"]
[White "Sintes, Marc"]
[Black "Anton, Jose"]
[Result "1-0"]
[WhiteElo "1900"]
[BlackElo "1850"]
[PlyCount "37"]
[EventDate "1995.??.??"]
[EventType "tourn"]
[EventRounds "9"]
[EventCountry "FRA"]
[SourceTitle "EXT 2005"]
[Source "ChessBase"]
[SourceDate "2004.11.15"]
[SourceVersion "1"]
[SourceVersionDate "2004.11.15"]
[SourceQuality "1"]

1. Nf3 f5 2. e4 fxe4 3. Ng5 Nf6 4. d3 e5 5. dxe4 c6 6. Bd3 Bc5 7. 0-0 0-0 8. Kh1 d5 9. Nc3 Ng4 10. f3 Nf2+ 11. Rxf2 Bxf2 12. exd5 Bf5 13. Nce4 Bb6 14. d6 Nd7 15. Bc4+ Kh8 16. Ng3 Bg6 17. Ne6 Qh4 18. Qe2 Rfe8 19. Bg5 1-0

[Event "Provence-ch Principal 9596"]
[Site "France"]
[Date "1995.??.??"]
[Round "9"]
[White "Sintes, Marc"]
[Black "Cherki, Thomas"]
[Result "1/2-1/2"]
[WhiteElo "1900"]
[BlackElo "2080"]
[PlyCount "65"]
[EventDate "1995.??.??"]
[EventType "tourn"]
[EventRounds "9"]
[EventCountry "FRA"]
[SourceTitle "EXT 2005"]
[Source "ChessBase"]
[SourceDate "2004.11.15"]
[SourceVersion "1"]
[SourceVersionDate "2004.11.15"]
[SourceQuality "1"]

1. d4 d5 2. Nf3 e6 3. g3 c5 4. Bg2 Nc6 5. 0-0 cxd4 6. Nxd4 Bc5 7. Nxc6 bxc6 8. c4 Nf6 9. Nc3 0-0 10. a3 a5 11. Rb1 Ba6 12. b4 axb4 13. axb4 Be7 14. b5 cxb5 15. cxb5 Bb7 16. Qb3 Nd7 17. Rd1 Qc7 18. b6 Qc6 19. e4 Nc5 20. exd5 exd5 21. Bxd5 Nxb3 22. Bxc6 Bxc6 23. Rxb3 Rfd8 24. Rxd8+ Rxd8 25. Be3 Bf6 26. f4 Bb7 27. Na4 Be7 28. Rc3 Rc8 29. Rc7 Rxc7 30. bxc7 Bd6 31. Bb6 Kf8 32. Nc5 Bxc5+ 33. Bxc5+ 1/2-1/2

[Event "Provence-ch Majeur op 9495"]
[Site "France"]
[Date "1994.??.??"]
[Round "7"]
[White "Habib, George"]
[Black "Sintes, Marc"]
[Result "0-1"]
[WhiteElo "1750"]
[BlackElo "1950"]
[PlyCount "66"]
[EventDate "1994.??.??"]
[EventType "swiss"]
[EventRounds "9"]
[EventCountry "FRA"]
[SourceTitle "EXT 2005"]
[Source "ChessBase"]
[SourceDate "2004.11.15"]
[SourceVersion "1"]
[SourceVersionDate "2004.11.15"]
[SourceQuality "1"]

1. e4 c5 2. Nf3 d6 3. d4 cxd4 4. Nxd4 Nf6 5. Nc3 g6 6. Be2 Bg7 7. Be3 0-0 8. 0-0 Nc6 9. Nb3 a5 10. a4 Nb4 11. Bd4 e5 12. Be3 Be6 13. Bg5 h6 14. Bh4 Qb6 15. Bxf6 Bxf6 16. Nd5 Nxd5 17. exd5 Bf5 18. Bb5 Rac8 19. c3 Rc7 20. Re1 h5 21. Qd2 Bd7 22. c4 Bxb5 23. cxb5 Rc4 24. Qxa5 Qxa5 25. Nxa5 Rd4 26. Red1 Ra8 27. Rxd4 exd4 28. Nxb7 d3 29. a5 Bxb2 30. Rb1 Bc3 31. a6 Re8 32. Kf1 d2 33. Nxd6 Re1+ 0-1

[Event "Provence-ch Principal 9394"]
[Site "France"]
[Date "1993.??.??"]
[Round "7"]
[White "Gaudineau, Eric"]
[Black "Sintes, Marc"]
[Result "1-0"]
[WhiteElo "2060"]
[BlackElo "1990"]
[PlyCount "55"]
[EventDate "1993.??.??"]
[EventType "tourn"]
[EventRounds "9"]
[EventCountry "FRA"]
[SourceTitle "EXT 2005"]
[Source "ChessBase"]
[SourceDate "2004.11.15"]
[SourceVersion "1"]
[SourceVersionDate "2004.11.15"]
[SourceQuality "1"]

1. e4 c5 2. Nc3 e6 3. g3 Nc6 4. Bg2 g6 5. d3 Bg7 6. f4 d6 7. Nf3 Nge7 8. 0-0 0-0 9. Be3 b6 10. d4 Ba6 11. Rf2 d5 12. dxc5 d4 13. Rd2 bxc5 14. Ne2 Qc7 15. Bf2 Rab8 16. b3 Rfd8 17. Nc1 f5 18. Ng5 Bc8 19. exf5 exf5 20. Nd3 h6 21. Nf3 Nb4 22. Nxb4 Rxb4 23. c3 Rb6 24. cxd4 Rbd6 25. Rc1 Bb7 26. Rxc5 Bxf3 27. Rxc7 Bxd1 28. Rxd1 1-0

[Event "Provence-ch Principal 9394"]
[Site "France"]
[Date "1993.??.??"]
[Round "6"]
[White "Sintes, Marc"]
[Black "Girard, Jean Pierre"]
[Result "1/2-1/2"]
[WhiteElo "1990"]
[BlackElo "1900"]
[PlyCount "130"]
[EventDate "1993.??.??"]
[EventType "tourn"]
[EventRounds "9"]
[EventCountry "FRA"]
[SourceTitle "EXT 2005"]
[Source "ChessBase"]
[SourceDate "2004.11.15"]
[SourceVersion "1"]
[SourceVersionDate "2004.11.15"]
[SourceQuality "1"]

1. d4 Nf6 2. c4 e6 3. g3 d5 4. Bg2 dxc4 5. Nf3 c5 6. 0-0 Nc6 7. Ne5 Nxe5 8. dxe5 Qxd1 9. Rxd1 Nd7 10. Na3 a6 11. Nxc4 Rb8 12. Be3 Be7 13. Nd6+ Bxd6 14. exd6 b6 15. Rac1 Bb7 16. Bxb7 Rxb7 17. b4 0-0 18. bxc5 bxc5 19. Bxc5 Rfb8 20. Ba3 Kf8 21. Rc7 Ke8 22. Rdc1 f5 23. Rc8+ Rxc8 24. Rxc8+ Kf7 25. Rc6 Ra7 26. Bc1 e5 27. f4 e4 28. Be3 Ra8 29. Bd4 g6 30. Be5 Ke6 31. Rc7 g5 32. Kf2 h5 33. Ke3 g4 34. Rb7 Rc8 35. Ra7 Rc1 36. Rxa6 Rh1 37. Ra8 Rxh2 38. Kd4 Kf7 39. Rh8 Rxe2 40. Rh7+ Ke8 41. Re7+ Kd8 42. Rh7 Kc8 43. Rxh5 Rd2+ 44. Ke3 Rxa2 45. Rxf5 Ra3+ 46. Kxe4 Rxg3 47. Rg5 Rg2 48. Bd4 Ra2 49. Rxg4 Ra4 50. Rg1 Nf6+ 51. Kd3 Nd5 52. Rf1 Kd7 53. f5 Kxd6 54. f6 Nxf6 55. Rxf6+ Kd7 56. Ke4 Ke7 57. Rb6 Kd7 58. Kd5 Ra2 59. Rb7+ Kc8 60. Rh7 Ra6 61. Bc5 Rg6 62. Bd6 Kd8 63. Rf7 Ke8 64. Rf5 Kd7 65. Rh5 Rxd6+ 1/2-1/2

[Event "Provence-chA"]
[Site "Provence"]
[Date "1991.??.??"]
[Round "8"]
[White "Barnier, Alain"]
[Black "Sintes, Marc"]
[Result "1-0"]
[WhiteElo "2070"]
[BlackElo "2050"]
[PlyCount "37"]
[EventDate "1991.??.??"]
[EventType "tourn"]
[EventRounds "9"]
[EventCountry "FRA"]
[SourceTitle "EXT 2005"]
[Source "ChessBase"]
[SourceDate "2004.11.15"]
[SourceVersion "1"]
[SourceVersionDate "2004.11.15"]
[SourceQuality "1"]

1. e4 c5 2. Nf3 d6 3. d4 cxd4 4. Nxd4 Nf6 5. Nc3 g6 6. Be3 Bg7 7. f3 0-0 8. Qd2 Nc6 9. Bc4 Bd7 10. 0-0-0 Ne5 11. Bb3 Rc8 12. h4 h5 13. Bg5 Rc5 14. g4 hxg4 15. h5 Nc4 16. Bxc4 Rxc4 17. hxg6 Nxe4 18. fxe4 Rxd4 19. Qh2 1-0